Word Ladder: Weightlifting Quiz Stats

 Plays Quiz Updated Jun 20, 2012

Support Sporcle.
Go Orange.
Score 0/22 Timer 02:00
2 Plays Today
Ladder Word % Correct
Four-letter LadderBARK
95.5%
Four-letter LadderBALL
92.6%
Four-letter LadderBARE
91.4%
Four-letter Ladder⊙ BELL ⊙
90.7%
Four-letter Ladder⊙ DUMB ⊙
89.6%
Four-letter LadderDAMP
89.4%
Four-letter LadderCARE
88.4%
Four-letter LadderDUMP
88.3%
Five-letter LadderBEACH
87.8%
Four-letter LadderBALK
87.3%
Four-letter LadderCARP
86.2%
Ladder Word % Correct
Five-letter Ladder⊙ BENCH ⊙
84.6%
Four-letter LadderCAMP
83.9%
Five-letter LadderPEACH
71.6%
Five-letter LadderPERKS
60%
Five-letter LadderPERKY
57.8%
Five-letter LadderPERCY
57.5%
Five-letter LadderPERCH
54.8%
Five-letter LadderPEEKS
53.8%
Five-letter LadderPREPS
44.6%
Five-letter Ladder⊙ PRESS ⊙
40.9%
Five-letter LadderPEEPS
39.8%

Today's Daily Dose

Word Ladder
ING Words

Get the Picture
Nearest Volcano

From the Vault

Namibia's Borders

by guilherme_4

Geography 60s
Not to be confused with the many borders of Nambia.
Remove Ads.
Support Sporcle.
Get the best of Sporcle when you Go Orange. This ad-free experience offers more features, more stats, and more fun while also helping to support Sporcle. Thank you for becoming a member.

Show Comments

Extras

Top Quizzes Today


Score Distribution

Your Account Isn't Verified!

In order to create a playlist on Sporcle, you need to verify the email address you used during registration. Go to your Sporcle Settings to finish the process.

Report this User

Report this user for behavior that violates our Community Guidelines.

Details: